|
|
|
|
| LEADER |
00000nab a2200000 a 4500 |
| 001 |
vtls000647840 |
| 003 |
SK-MaSNL |
| 005 |
20260302182325.0 |
| 008 |
180206c1998 xo 0 slo |
| 015 |
|
|
|a SNBRB1998/05-12727
|
| 035 |
|
|
|a CLN000000036
|
| 040 |
|
|
|a SNKBUCL
|b slo
|c SNKBUCL
|e AACR2
|
| 041 |
0 |
|
|a slo
|
| 044 |
|
|
|a xo
|c SK
|
| 080 |
|
|
|a 796.323.093.1
|2 UDC-MRF-SK2
|
| 245 |
0 |
0 |
|a Bronz hráčom Interu Slovnaft
|b 1. tory liga basketbalistov - play off o medaily a nadstavbová časť
|
| 650 |
0 |
7 |
|a basketbal
|x muži
|x 1. tory liga
|x sezóna 1997/1998
|2 snkbucl
|9 894166
|
| 655 |
|
7 |
|a články z novín a časopisov
|2 snkbucl
|2 snkbucl
|9 267496
|
| 773 |
0 |
|
|t Šport
|g Roč. 52, č. 106 (11.5.1998), s. 27
|
| 850 |
|
|
|a Slovenská národná knižnica v Martine
|
| 852 |
|
|
|a SNK
|b KIS3GCP
|
| 958 |
|
|
|a RBX
|x rozpis článkov z periodík
|
| 999 |
|
|
|c 1417821
|d 1419751
|